Piccolo mondo moderno

Spremljeno u:
Bibliografski detalji
Glavni autor: Fogazzaro, Antonio
Format: Knjiga
Jezik:Italian
Izdano: Milán, Italia Garzanti 2004
Teme:
Oznake: Dodaj oznaku
Bez oznaka, Budi prvi tko označuje ovaj zapis!

MARC

LEADER 00000nam a22000007a 4500
008 181113b xxu||||| |||| 00| 0 ita d
999 |c 30646  |d 30646 
040 |a cru BVZT 
090 |a 850 F-1p  
100 |a Fogazzaro, Antonio  
245 |a Piccolo mondo moderno  |c / Antonio Fogazzaro 
260 |a Milán, Italia   |b Garzanti  |c 2004 
300 |a 264 páginas 
650 |a LITERATURA ITALIANA  |9 212 
650 |a EN IDIOMA ITALIANO 
650 |a NOVELA  |9 13 
942 |c LIB  |h 850 F-1p   |2 z